000 00430nam a2200181Ia 4500
001 23743
005 20260414150957.0
008 260414t1966||||xx |||||||||||||| ||spa||
041 _aESP
082 _a701.8
_bK43
100 _aKepes, Gyorgy,
_eAUT
245 0 _aModule, proportion, symmetry, rhythm
_b
260 _c1966
300 _a233 páginas :
_c28 cm.
650 _aABD
654 _aCAU
942 _cLIB
_dJUS
_fJUS
_2ddc
_n
999 _c23743
_d23743